Limitations of the NCRB crime data in the context of Jabalpur city (Record no. 533195)

000 -LEADER
fixed length control field 01240nam a22001337a 4500
008 - FIXED-LENGTH DATA ELEMENTS--GENERAL INFORMATION
fixed length control field 260429b ||||| |||| 00| 0 eng d
100 ## - MAIN ENTRY--PERSONAL NAME
Personal name Tiwari, Rambooshan and Dixit, Shubham Narayan
245 ## - TITLE STATEMENT
Title Limitations of the NCRB crime data in the context of Jabalpur city
260 ## - PUBLICATION, DISTRIBUTION, ETC. (IMPRINT)
Place of publication, distribution, etc Economic & Political Weekly
300 ## - PHYSICAL DESCRIPTION
Extent 61(11), Mar 14, 2026: p.18-21
520 ## - SUMMARY, ETC.
Summary, etc The National Crime Records Bureau’s annual report, “Crime in India,” includes crime data for states, districts, and metropolitan cities. The official crime data of metropolitan cities in India often overlook the complexities associated with the jurisdiction of police administration and urban local bodies, as well as their impact on the crime rate. For many cities, such as Jabalpur, the crime rates are often inaccurate due to jurisdiction-related issues, which may lead to over-counting of crime incidents and undercounting of crime rates. Crime researchers mostly ignore these discrepancies when quoting NCRB data to study urban crime and comparative analysis of crimes in cities. –Reproduced

https://www.epw.in/journal/commentary/limitations-ncrb-crime-data-context-jabalpur-city.html
773 ## - HOST ITEM ENTRY
Main entry heading Economic & Political Weekly
942 ## - ADDED ENTRY ELEMENTS (KOHA)
Item type Articles
Holdings
Withdrawn status Lost status Source of classification or shelving scheme Damaged status Not for loan Permanent location Current location Date acquired Serial Enumeration / chronology Barcode Date last seen Koha item type
          Indian Institute of Public Administration Indian Institute of Public Administration 2026-04-29 61(11), Mar 14, 2026: p.18-21 AR138707 2026-04-29 Articles

Powered by Koha